Management Theory and Practice (Record no. 6738)

MARC details
005 - DATE AND TIME OF LATEST TRANSACTION
control field 20250716142501.0
020 ## - INTERNATIONAL STANDARD BOOK NUMBER
International Standard Book Number 978 1 4080 9530 0
082 ## - DEWEY DECIMAL CLASSIFICATION NUMBER
Classification number 658 COL
100 ## - MAIN ENTRY--PERSONAL NAME
Author name COLE, A. G
245 ## - TITLE STATEMENT
Title Management Theory and Practice
250 ## - EDITION STATEMENT
Edition statement 8th Ed,
260 ## - PUBLICATION, DISTRIBUTION, ETC.
Place of publication, distribution, etc. Autralia
Name of publisher, distributor, etc. Cengage Learning Emea
Date of publication, distribution, etc. 2015
300 ## - PHYSICAL DESCRIPTION
Extent x,637p.: ill.; figures, tables
Other physical details Index
Dimensions 26cm
700 ## - ADDED ENTRY--PERSONAL NAME
Other authors/Editors Phil Kelly
942 ## - ADDED ENTRY ELEMENTS (KOHA)
Source of classification or shelving scheme Dewey Decimal Classification
Koha item type Books
Holdings
Date last seen Total checkouts Full call number Barcode Cost, replacement price Price effective from Koha item type Lost status Source of classification or shelving scheme Damaged status Not for loan Withdrawn status Home library Current library Shelving location Date acquired Source of acquisition Cost, normal purchase price
07/16/2025   658 COL MZA0003106 150000.00 07/16/2025 Books   Dewey Decimal Classification       CBE Mwanza CBE Mwanza General Collection 06/27/2025 NBAA Donation 50000.00
07/16/2025   658 COL MZA0003107 150000.00 07/16/2025 Books   Dewey Decimal Classification       CBE Mwanza CBE Mwanza General Collection 06/27/2025 NBAA Donation 50000.00
07/16/2025   658 COL MZA0003108 150000.00 07/16/2025 Books   Dewey Decimal Classification       CBE Mwanza CBE Mwanza General Collection 06/27/2025 NBAA Donation 50000.00